000 00585nam a2200229Ia 4500
003 OSt
005 20221005123436.0
006 a|||||r|||| 00| 0
007 ta
008 221004b |||||||| |||| 00| 0 eng d
024 _a39097
037 _cTextual
040 _aCRL
_cCRL
_beng
041 _2eng
_aeng
082 _aO111,3M19w, C9.1-.2
100 _aKIngsley Charles
245 0 _aLetters and memories
260 _c1899
650 _aENGLISH LITERATURE
942 _hO111,3M19w, C9.1-.2
_cTEXL
_2cc
999 _c1047410
_d1047410